|
|
|
|
| LEADER |
00000nam0a2200000 4500 |
| 001 |
360544 |
| 005 |
20231102011310.0 |
| 035 |
|
|
|a (RuTPU)RU\TPU\retro\17870
|
| 090 |
|
|
|a 360544
|
| 100 |
|
|
|a 20210414d1973 m y0rusy50 ca
|
| 101 |
0 |
|
|a rus
|
| 102 |
|
|
|a KG
|
| 105 |
|
|
|a a z 001zy
|
| 200 |
1 |
|
|a Моделирование и предсказание колебаний речного стока
|f Д. М. Маматканов
|g Киргизский научно-исследовательский отдел энергетики; под ред. И. П. Дружинина
|
| 210 |
|
|
|a Фрунзе
|c Кыргызстан
|d 1973
|
| 215 |
|
|
|a 240 с.
|c ил.
|
| 320 |
|
|
|a Библиогр.: с. 227-237
|
| 606 |
1 |
|
|a Речной сток
|x Моделирование
|2 stltpush
|3 (RuTPU)RU\TPU\subj\25187
|9 49405
|
| 610 |
1 |
|
|a гидрогеология
|
| 610 |
1 |
|
|a реки
|
| 610 |
1 |
|
|a математическое моделирование
|
| 610 |
1 |
|
|a предсказания
|
| 610 |
1 |
|
|a прогнозирование
|
| 610 |
1 |
|
|a многолетние колебания
|
| 610 |
1 |
|
|a годовой сток
|
| 675 |
|
|
|a 556.16.072
|v 4
|
| 700 |
|
1 |
|a Маматканов
|b Д. М.
|g Дюшен Маматканович
|
| 702 |
|
1 |
|a Дружинин
|b И. П.
|c гидролог
|c академик РАН
|f 1929-2000
|g Игорь Петрович
|2 stltpush
|3 (RuTPU)RU\TPU\pers\11209
|4 340
|9 2481
|
| 712 |
0 |
2 |
|a Киргизский научно-исследовательский отдел энергетики
|
| 801 |
|
1 |
|a RU
|b 63413507
|c 20210414
|
| 801 |
|
2 |
|a RU
|b 63413507
|c 20220120
|g RCR
|
| 942 |
|
|
|c BK
|